00730nam a2200217 i 4500003000900000005001700009007000300026008004100029020001800070040003000088082000700118100003900125245009200164264004400256300002800300336002700328337003300355338002800388500006300416700003300479DO-SdBNP20240405094410.0ta240405b200- dr ||||| |||| 00| 0 spa d a9789945922967 aDO-SdBNPbspacBNPHUerda 42221 aCuello Tiburcio, Gerald R.,eautor13aEl emprededor digital exitoso /cGerald R. Cuello Tiburcio ; corrección, Mary Pérez aSanto Domingo :bNuevas Tierras,c200?. a195 páginas ;c23 cm. 2rdacontentatextobtxt 2rdamediaasin mediaciónbn 2rdacarrieravolumenbnc aIncluye datos biográficos del autor en la contracubierta1 aPérez, Mary,ecorrección